MARC

LEADER 00000nam0a2200000 4500
001 82883
005 20231031095914.0
010 |a 5724500698 
035 |a (RuTPU)RU\TPU\book\89076 
090 |a 82883 
100 |a 20051007d1988 m y0rusy50 ca 
101 0 |a rus 
102 |a RU 
105 |a a z 001zy 
200 1 |a Методы исследования электрических свойств полимеров  |f Г. А. Лущейкин 
210 |a Москва  |c Химия  |d 1988 
215 |a 160 с.  |c ил. 
320 |a Библиогр.: с. 155-157 
610 1 |a полимеры 
610 1 |a электрические свойства 
610 1 |a исследование 
610 1 |a электропроводность 
610 1 |a электрическая прочность 
610 1 |a электризация 
610 1 |a диэлектрические свойства 
675 |a 678.01  |v 3 
700 1 |a Лущейкин  |b Г. А.  |g Георгий Акимович 
801 1 |a RU  |b 63413507  |c 20051007  |g PSBO 
801 2 |a RU  |b 63413507  |c 20131210  |g PSBO 
900 |a Методы испытаний электроизоляционных материалов 
942 |c BK